[Event "U14 Polish Youth Championship"]
[Site "chess24.com"]
[Date "2018.05.02"]
[Round "5"]
[White "Turski, Bartlomiej"]
[Black "Paprocki, Stanislaw"]
[Result "1/2-1/2"]
[Board "5"]
[WhiteElo "1830"]
[WhiteCountry "POL"]
[WhiteFideId "21810567"]
[WhiteEloChange "-2"]
[BlackElo "1748"]
[BlackCountry "POL"]
[BlackFideId "21817294"]
[BlackEloChange "2"]

1. e4 {[%clk 1:30:30]} c5 {[%clk 1:30:49]} 2. Nf3 {[%clk 1:30:30]} d6 {[%clk
1:30:42]} 3. d4 {[%clk 1:30:49]} cxd4 {[%clk 1:30:41]} 4. Nxd4 {[%clk 1:31:14]}
Nf6 {[%clk 1:29:00]} 5. Nc3 {[%clk 1:31:34]} a6 {[%clk 1:29:20]} 6. a4 {[%clk
1:31:48]} e5 {[%clk 1:26:55]} 7. Nb3 {[%clk 1:31:27]} Be6 {[%clk 1:24:45]} 8. Bg5
{[%clk 1:30:54]} Be7 {[%clk 1:21:17]} 9. Bxf6 {[%clk 1:30:33]} Bxf6 {[%clk
1:21:37]} 10. Nd5 {[%clk 1:28:11]} Bxd5 {[%clk 1:15:21]} 11. Qxd5 {[%clk
1:28:05]} Nc6 {[%clk 1:15:21]} 12. Bc4 {[%clk 1:26:49]} O-O {[%clk 1:14:33]} 13.
O-O {[%clk 1:25:56]} Rc8 {[%clk 1:13:45]} 14. c3 {[%clk 1:22:57]} Qc7 {[%clk
1:13:02]} 15. Qd2 {[%clk 1:16:59]} Rfd8 {[%clk 1:03:21]} 16. Bd5 {[%clk 1:16:10]}
h6 {[%clk 1:03:14]} 17. Rfd1 {[%clk 1:13:17]} Ne7 {[%clk 0:58:09]} 18. a5 {[%clk
1:10:34]} Bg5 {[%clk 0:52:11]} 19. Qe2 {[%clk 1:08:27]} Nxd5 {[%clk 0:51:28]} 20.
Rxd5 {[%clk 1:08:10]} Qc4 {[%clk 0:51:22]} 21. Qxc4 {[%clk 1:07:33]} Rxc4 {[%clk
0:51:15]} 22. f3 {[%clk 1:07:26]} Kf8 {[%clk 0:51:19]} 23. Kf2 {[%clk 1:05:19]}
g6 {[%clk 0:51:17]} 24. Ke2 {[%clk 1:02:24]} Ke7 {[%clk 0:43:07]} 25. g3 {[%clk
1:00:17]} Rdc8 {[%clk 0:34:05]} 26. h4 {[%clk 0:58:51]} Bf6 {[%clk 0:33:48]} 27.
Nd2 {[%clk 0:56:06]} R4c5 {[%clk 0:33:48]} 28. Rxc5 {[%clk 0:54:56]} Rxc5 {[%clk
0:33:57]} 29. c4 {[%clk 0:54:54]} Ke6 {[%clk 0:34:01]} 30. Kd3 {[%clk 0:53:49]}
Bd8 {[%clk 0:34:20]} 31. b4 {[%clk 0:53:05]} Rc8 {[%clk 0:34:08]} 32. Nf1 {[%clk
0:49:43]} f5 {[%clk 0:34:06]} 33. Ne3 {[%clk 0:48:33]} Be7 {[%clk 0:28:08]} 34.
Rh1 {[%clk 0:44:26]} Rf8 {[%clk 0:25:59]} 35. h5 {[%clk 0:36:04]} f4 {[%clk
0:25:52]} 36. gxf4 {[%clk 0:35:30]} Rxf4 {[%clk 0:26:01]} 37. Ke2 {[%clk
0:34:02]} gxh5 {[%clk 0:20:16]} 38. Rxh5 {[%clk 0:33:01]} Rh4 {[%clk 0:20:18]}
39. Rxh4 {[%clk 0:33:21]} Bxh4 {[%clk 0:20:32]} 40. Nf5 {[%clk 0:33:30]} Bg5
{[%clk 0:20:30]} 41. Kd3 {[%clk 0:17:45]} Kd7 {[%clk 0:18:18]} 42. Ng3 {[%clk
0:15:58]} Bh4 {[%clk 0:17:16]} 43. Nf5 {[%clk 0:15:07]} Bg5 {[%clk 0:17:40]} 44.
Ng3 {[%clk 0:15:21]} Bh4 {[%clk 0:17:16]} 45. Nf5 {[%clk 0:15:35]} Be1 {[%clk
0:17:30]} 46. Nxh6 {[%clk 0:12:30]} Bxb4 {[%clk 0:17:49]} 47. Nf5 {[%clk
0:11:45]} Bxa5 {[%clk 0:18:08]} 48. Kc2 {[%clk 0:11:21]} Bb6 {[%clk 0:18:21]} 49.
Kb3 {[%clk 0:11:02]} Bc5 {[%clk 0:18:45]} 50. Ka4 {[%clk 0:09:21]} b6 {[%clk
0:19:09]} 51. Kb3 {[%clk 0:09:19]} Ke6 {[%clk 0:19:34]} 52. Kc2 {[%clk 0:08:05]}
Kf6 {[%clk 0:19:29]} 53. Ng3 {[%clk 0:07:51]} Kg5 {[%clk 0:19:42]} 54. Ne2 {[%clk
0:08:05]} a5 {[%clk 0:19:46]} 55. Kd3 {[%clk 0:08:24]} Bb4 {[%clk 0:19:32]} 56.
Nc1 {[%clk 0:08:10]} Ba3 {[%clk 0:17:57]} 57. Na2 {[%clk 0:08:06]} Kf4 {[%clk
0:18:09]} 58. Ke2 {[%clk 0:08:20]} Bb2 {[%clk 0:18:17]} 59. Kf2 {[%clk 0:08:28]}
Bd4+ {[%clk 0:18:09]} 60. Ke2 {[%clk 0:08:53]} Kg3 {[%clk 0:13:50]} 61. Nc1
{[%clk 0:08:45]} Kg2 {[%clk 0:13:36]} 62. Nd3 {[%clk 0:08:15]} Bc3 {[%clk
0:11:09]} 63. Nc1 {[%clk 0:08:07]} Bb2 {[%clk 0:09:27]} 64. Na2 {[%clk 0:08:04]}
Ba3 {[%clk 0:07:08]} 65. Nc3 {[%clk 0:07:23]} Bb4 {[%clk 0:07:16]} 66. Na4 {[%clk
0:07:09]} Bc5 {[%clk 0:07:19]} 67. Nc3 {[%clk 0:07:00]} Bd4 {[%clk 0:07:27]} 68.
Nd5 {[%clk 0:06:09]} Kg3 {[%clk 0:07:07]} 69. Nf6 {[%clk 0:05:33]} Bc5 {[%clk
0:06:32]} 70. Nd5 {[%clk 0:05:42]} Kh4 {[%clk 0:05:39]} 71. Nc3 {[%clk 0:05:44]}
Kg5 {[%clk 0:05:52]} 72. Nd5 {[%clk 0:05:09]} Kg6 {[%clk 0:05:12]} 73. Kd3 {[%clk
0:05:12]} Kf7 {[%clk 0:05:15]} 74. Kc2 {[%clk 0:04:43]} Ke6 {[%clk 0:05:24]} 75.
Kb3 {[%clk 0:04:35]} Kd7 {[%clk 0:05:32]} 76. Ka4 {[%clk 0:04:33]} Kc6 {[%clk
0:03:30]} 77. Kb3 {[%clk 0:04:31]} Bd4 {[%clk 0:02:38]} 78. f4 {[%clk 0:04:12]}
exf4 {[%clk 0:02:58]} 79. Nxf4 {[%clk 0:04:12]} b5 {[%clk 0:02:55]} 80. Nd3
{[%clk 0:00:40]} Bg7 {[%clk 0:02:10]} 81. Nf4 {[%clk 0:00:22]} Bh6 {[%clk
0:01:46]} 82. Nd3 {[%clk 0:00:30]} a4+ {[%clk 0:01:12]} 83. Kc3 {[%clk 0:00:22]}
a3 {[%clk 0:00:42]} 84. cxb5+ {[%clk 0:00:36]} Kxb5 {[%clk 0:00:45]} 85. Kb3
{[%clk 0:01:00]} Bf8 {[%clk 0:01:10]} 86. Kxa3 {[%clk 0:00:58]} Kc4 {[%clk
0:01:29]} 87. Nf2 {[%clk 0:00:18]} Kd4 {[%clk 0:01:32]} 88. Kb3 {[%clk 0:00:16]}
Ke3 {[%clk 0:01:51]} 89. Nd1+ {[%clk 0:00:03]} Kxe4 {[%clk 0:02:11]} 90. Kc2
{[%clk 0:00:27]} Bg7 {[%clk 0:02:29]} 91. Kd2 {[%clk 0:00:41]} Bd4 {[%clk
0:01:49]} 92. Ke2 {[%clk 0:00:49]} d5 {[%clk 0:01:58]} 93. Kd2 {[%clk 0:00:49]}
Bg7 {[%clk 0:02:06]} 94. Ke2 {[%clk 0:01:03]} d4 {[%clk 0:02:19]} 95. Nf2+ {[%clk
0:01:27]} Ke5 {[%clk 0:00:24]} 1/2-1/2

[Event "U14 Polish Youth Championship"]
[Site "chess24.com"]
[Date "2018.05.02"]
[Round "5"]
[White "Dzida, Kamil"]
[Black "Szydlo, Michal"]
[Result "1-0"]
[Board "6"]
[WhiteElo "1938"]
[WhiteCountry "POL"]
[WhiteFideId "21828652"]
[WhiteEloChange "4"]
[BlackElo "1673"]
[BlackCountry "POL"]
[BlackFideId "21810540"]
[BlackEloChange "-4"]

1. e4 {[%clk 1:30:59]} c5 {[%clk 1:30:58]} 2. Nf3 {[%clk 1:31:23]} d6 {[%clk
1:31:25]} 3. d4 {[%clk 1:31:49]} cxd4 {[%clk 1:31:52]} 4. Nxd4 {[%clk 1:32:12]}
Nf6 {[%clk 1:32:18]} 5. Nc3 {[%clk 1:32:36]} a6 {[%clk 1:32:46]} 6. Be3 {[%clk
1:32:52]} e5 {[%clk 1:33:11]} 7. Nb3 {[%clk 1:33:17]} Be7 {[%clk 1:33:36]} 8. f3
{[%clk 1:33:19]} Be6 {[%clk 1:34:02]} 9. Qd2 {[%clk 1:33:45]} O-O {[%clk
1:34:27]} 10. O-O-O {[%clk 1:34:09]} Nbd7 {[%clk 1:34:55]} 11. g4 {[%clk
1:34:33]} b5 {[%clk 1:35:21]} 12. g5 {[%clk 1:34:58]} b4 {[%clk 1:35:49]} 13. Ne2
{[%clk 1:35:22]} Ne8 {[%clk 1:36:16]} 14. f4 {[%clk 1:35:47]} a5 {[%clk 1:36:43]}
15. f5 {[%clk 1:36:12]} Bxb3 {[%clk 1:37:07]} 16. cxb3 {[%clk 1:36:37]} a4 {[%clk
1:37:34]} 17. bxa4 {[%clk 1:37:02]} Rxa4 {[%clk 1:37:57]} 18. Kb1 {[%clk
1:37:28]} Rxa2 {[%clk 1:38:17]} 19. Nc1 {[%clk 1:37:54]} Ra8 {[%clk 1:38:43]} 20.
Nb3 {[%clk 1:38:18]} Nb6 {[%clk 1:38:09]} 21. Rg1 {[%clk 1:35:10]} Kh8 {[%clk
1:32:52]} 22. Qf2 {[%clk 1:29:28]} Nc8 {[%clk 1:09:55]} 23. Bc4 {[%clk 1:28:37]}
d5 {[%clk 0:53:43]} 24. Bxd5 {[%clk 1:26:55]} Ncd6 {[%clk 0:53:50]} 25. f6 {[%clk
1:23:24]} gxf6 {[%clk 0:49:05]} 26. gxf6 {[%clk 1:23:49]} Bxf6 {[%clk 0:43:51]}
27. Bh6 {[%clk 1:23:44]} Rg8 {[%clk 0:41:47]} 28. Rxg8+ {[%clk 1:23:40]} Kxg8
{[%clk 0:42:13]} 29. Qg2+ {[%clk 1:23:10]} Kh8 {[%clk 0:42:25]} 30. Rg1 {[%clk
1:23:24]} Nc7 {[%clk 0:41:18]} 31. Bg7+ {[%clk 1:23:48]} 1-0

[Event "U14 Polish Youth Championship"]
[Site "chess24.com"]
[Date "2018.05.02"]
[Round "5"]
[White "Majewski, Krzysztof"]
[Black "Ochedzan, Tymon"]
[Result "1/2-1/2"]
[Board "7"]
[WhiteElo "1555"]
[WhiteCountry "POL"]
[WhiteFideId "21800456"]
[WhiteEloChange "8"]
[BlackElo "2047"]
[BlackTitle "CM"]
[BlackCountry "POL"]
[BlackFideId "21810389"]
[BlackEloChange "-8"]

1. e4 {[%clk 1:30:55]} c5 {[%clk 1:30:55]} 2. c4 {[%clk 1:31:17]} e5 {[%clk
1:26:25]} 3. Nc3 {[%clk 1:31:35]} g6 {[%clk 1:24:32]} 4. g3 {[%clk 1:31:59]} Bg7
{[%clk 1:24:50]} 5. Bg2 {[%clk 1:32:24]} Ne7 {[%clk 1:23:23]} 6. Nge2 {[%clk
1:32:08]} O-O {[%clk 1:22:11]} 7. O-O {[%clk 1:32:27]} d6 {[%clk 1:16:22]} 8. d3
{[%clk 1:32:42]} Nbc6 {[%clk 1:12:41]} 9. Be3 {[%clk 1:32:45]} Nd4 {[%clk
1:10:37]} 10. Qd2 {[%clk 1:32:07]} Rb8 {[%clk 1:08:03]} 11. Bh6 {[%clk 1:31:12]}
a6 {[%clk 1:05:06]} 12. Bxg7 {[%clk 1:31:03]} Kxg7 {[%clk 1:05:07]} 13. f4 {[%clk
1:30:48]} Nec6 {[%clk 0:50:27]} 14. Nxd4 {[%clk 1:28:47]} Nxd4 {[%clk 0:47:28]}
15. Ne2 {[%clk 1:28:42]} Nxe2+ {[%clk 0:44:06]} 16. Qxe2 {[%clk 1:29:05]} Qe7
{[%clk 0:41:54]} 17. Rae1 {[%clk 1:27:37]} Bd7 {[%clk 0:41:34]} 18. h4 {[%clk
1:27:02]} f6 {[%clk 0:38:48]} 19. f5 {[%clk 1:23:57]} b5 {[%clk 0:38:02]} 20. b3
{[%clk 1:24:20]} a5 {[%clk 0:36:34]} 21. h5 {[%clk 1:23:54]} g5 {[%clk 0:31:53]}
22. g4 {[%clk 1:23:19]} Rb6 {[%clk 0:31:11]} 23. Rb1 {[%clk 1:23:20]} Bc6 {[%clk
0:30:38]} 24. Qc2 {[%clk 1:22:38]} Rfb8 {[%clk 0:29:22]} 25. Bf3 {[%clk 1:19:03]}
Qa7 {[%clk 0:27:25]} 26. Ra1 {[%clk 1:17:33]} h6 {[%clk 0:27:18]} 27. Rfb1 {[%clk
1:16:59]} R8b7 {[%clk 0:26:29]} 28. Kf2 {[%clk 1:14:07]} Qb8 {[%clk 0:25:39]} 29.
Bd1 {[%clk 1:13:55]} a4 {[%clk 0:23:09]} 30. Ke3 {[%clk 1:13:01]} Be8 {[%clk
0:17:50]} 31. Qc3 {[%clk 1:11:00]} Ra7 {[%clk 0:14:04]} 32. Bc2 {[%clk 1:10:45]}
Rab7 {[%clk 0:12:33]} 33. Kf3 {[%clk 1:10:32]} Ra7 {[%clk 0:11:42]} 34. Ke3
{[%clk 1:10:43]} b4 {[%clk 0:11:56]} 35. Qe1 {[%clk 1:10:41]} Qa8 {[%clk
0:11:14]} 36. Rb2 {[%clk 1:04:48]} axb3 {[%clk 0:10:50]} 37. Bxb3 {[%clk
1:05:03]} Rba6 {[%clk 0:10:15]} 38. Rab1 {[%clk 1:04:53]} Ra3 {[%clk 0:10:07]}
39. Qd2 {[%clk 1:02:40]} Ba4 {[%clk 0:10:14]} 40. Kf3 {[%clk 1:02:09]} Bxb3
{[%clk 0:09:39]} 41. axb3 {[%clk 1:02:29]} Ra2 {[%clk 0:07:52]} 42. Qc2 {[%clk
1:02:39]} Ra1 {[%clk 0:04:42]} 43. Rxa1 {[%clk 1:00:32]} Rxa1 {[%clk 0:07:51]}
44. Rb1 {[%clk 1:00:49]} Qa3 {[%clk 0:05:48]} 45. Rxa1 {[%clk 1:00:25]} Qxa1
{[%clk 0:06:13]} 46. Kg2 {[%clk 1:00:45]} Kf7 {[%clk 0:06:24]} 47. Kh2 {[%clk
1:00:49]} Ke7 {[%clk 0:05:46]} 48. Kg2 {[%clk 1:01:13]} Kd7 {[%clk 0:06:11]} 49.
Kh2 {[%clk 1:01:40]} Kc7 {[%clk 0:06:35]} 50. Kg2 {[%clk 1:01:59]} Kb6 {[%clk
0:06:37]} 51. Kh2 {[%clk 1:02:19]} Kc7 {[%clk 0:06:36]} 52. Kg2 {[%clk 1:02:43]}
Kd7 {[%clk 0:06:56]} 53. Kh2 {[%clk 1:03:05]} Ke7 {[%clk 0:07:23]} 54. Kg2 {[%clk
1:03:26]} Kf8 {[%clk 0:07:47]} 55. Kh2 {[%clk 1:03:50]} Kf7 {[%clk 0:08:15]} 56.
Kg2 {[%clk 1:04:14]} Kg7 {[%clk 0:08:40]} 57. Kh2 {[%clk 1:04:38]} Kf8 {[%clk
0:04:27]} 58. Kg2 {[%clk 1:04:54]} Ke8 {[%clk 0:04:52]} 59. Kh2 {[%clk 1:05:09]}
Kd8 {[%clk 0:05:14]} 60. Kg2 {[%clk 1:05:20]} Kc8 {[%clk 0:05:37]} 61. Kh2 {[%clk
1:05:31]} Kb7 {[%clk 0:05:58]} 62. Kg2 {[%clk 1:05:52]} Kb6 {[%clk 0:06:19]} 63.
Kh2 {[%clk 1:06:17]} Kc7 {[%clk 0:05:27]} 64. Kg2 {[%clk 1:06:41]} Kb7 {[%clk
0:05:55]} 65. Kh2 {[%clk 1:07:01]} Qf1 {[%clk 0:05:23]} 66. Qa2 {[%clk 1:03:33]}
Qxd3 {[%clk 0:04:16]} 67. Qa4 {[%clk 1:03:41]} Qe2+ {[%clk 0:04:03]} 68. Kh3
{[%clk 1:03:55]} Qf3+ {[%clk 0:04:21]} 69. Kh2 {[%clk 1:04:15]} Qf2+ {[%clk
0:04:44]} 70. Kh3 {[%clk 1:04:13]} Qh4+ {[%clk 0:05:02]} 71. Kg2 {[%clk 1:04:38]}
Qxg4+ {[%clk 0:05:26]} 72. Kf2 {[%clk 1:04:00]} Qf4+ {[%clk 0:04:57]} 73. Kg1
{[%clk 1:04:12]} Qg3+ {[%clk 0:04:14]} 74. Kf1 {[%clk 1:04:09]} Qf3+ {[%clk
0:04:26]} 75. Kg1 {[%clk 1:04:28]} Qd1+ {[%clk 0:04:52]} 76. Kg2 {[%clk 1:04:02]}
Qe2+ {[%clk 0:05:08]} 77. Kg1 {[%clk 1:04:19]} Qe1+ {[%clk 0:05:01]} 78. Kh2
{[%clk 1:04:31]} Qf2+ {[%clk 0:05:23]} 79. Kh1 {[%clk 1:04:13]} Qf3+ {[%clk
0:05:03]} 80. Kg1 {[%clk 1:04:26]} Qg3+ {[%clk 0:05:26]} 81. Kf1 {[%clk 1:04:43]}
Qd3+ {[%clk 0:05:18]} 82. Kg1 {[%clk 1:04:51]} Qb1+ {[%clk 0:05:22]} 83. Kf2
{[%clk 1:04:58]} Qc2+ {[%clk 0:05:47]} 84. Kf1 {[%clk 1:05:00]} Qd3+ {[%clk
0:06:05]} 85. Kf2 {[%clk 1:05:20]} Qxe4 {[%clk 0:04:26]} 86. Qb5+ {[%clk
1:03:48]} Kc7 {[%clk 0:03:21]} 87. Qa5+ {[%clk 1:04:00]} Kc8 {[%clk 0:02:53]} 88.
Qa6+ {[%clk 1:04:00]} Kc7 {[%clk 0:01:59]} 89. Qa5+ {[%clk 1:04:22]} Kd7 {[%clk
0:02:23]} 90. Qa7+ {[%clk 1:04:36]} Kc8 {[%clk 0:02:33]} 91. Qa6+ {[%clk
1:05:01]} Kc7 {[%clk 0:02:31]} 92. Qa5+ {[%clk 1:05:21]} Kb7 {[%clk 0:02:16]} 93.
Qb5+ {[%clk 1:05:41]} Kc7 {[%clk 0:00:56]} 94. Qa5+ {[%clk 1:06:04]} Kc8 {[%clk
0:01:21]} 95. Qa6+ {[%clk 1:06:27]} Kd7 {[%clk 0:01:22]} 96. Qa7+ {[%clk
1:06:47]} Kd8 {[%clk 0:01:22]} 97. Qb8+ {[%clk 1:07:00]} Kd7 {[%clk 0:01:46]} 98.
Qa7+ {[%clk 1:07:22]} Kc8 {[%clk 0:02:10]} 99. Qa6+ {[%clk 1:07:47]} Kc7 {[%clk
0:02:30]} 100. Qa5+ {[%clk 1:08:10]} 1/2-1/2

[Event "U14 Polish Youth Championship"]
[Site "chess24.com"]
[Date "2018.05.02"]
[Round "5"]
[White "Niedbala, Bartlomiej"]
[Black "Poltorak, Sebastian"]
[Result "1/2-1/2"]
[Board "8"]
[WhiteElo "1956"]
[WhiteCountry "POL"]
[WhiteFideId "21834008"]
[WhiteEloChange "-6"]
[BlackElo "1705"]
[BlackCountry "POL"]
[BlackFideId "1199498"]
[BlackEloChange "6"]

1. d4 {[%clk 1:30:49]} Nf6 {[%clk 1:30:54]} 2. c4 {[%clk 1:30:51]} e6 {[%clk
1:31:19]} 3. Nf3 {[%clk 1:30:42]} Bb4+ {[%clk 1:31:41]} 4. Bd2 {[%clk 1:28:52]}
Qe7 {[%clk 1:31:57]} 5. g3 {[%clk 1:27:47]} b6 {[%clk 1:31:38]} 6. Bg2 {[%clk
1:28:04]} Bxd2+ {[%clk 1:31:28]} 7. Nbxd2 {[%clk 1:28:25]} Bb7 {[%clk 1:31:50]}
8. Qc2 {[%clk 1:27:44]} d6 {[%clk 1:30:39]} 9. O-O {[%clk 1:27:39]} O-O {[%clk
1:30:37]} 10. e4 {[%clk 1:26:17]} e5 {[%clk 1:30:00]} 11. Rae1 {[%clk 1:24:23]}
Nbd7 {[%clk 1:28:28]} 12. Nh4 {[%clk 1:20:47]} g6 {[%clk 1:24:27]} 13. f4 {[%clk
1:08:24]} c5 {[%clk 1:15:43]} 14. d5 {[%clk 1:08:01]} exf4 {[%clk 1:14:52]} 15.
e5 {[%clk 1:00:36]} Nxe5 {[%clk 0:59:27]} 16. gxf4 {[%clk 0:59:33]} Nh5 {[%clk
0:58:39]} 17. Nf5 {[%clk 0:54:03]} gxf5 {[%clk 0:58:39]} 18. fxe5 {[%clk
0:51:44]} Ng7 {[%clk 0:54:56]} 19. Nf3 {[%clk 0:50:35]} Rae8 {[%clk 0:50:58]} 20.
Qc3 {[%clk 0:50:40]} dxe5 {[%clk 0:46:46]} 21. Rxe5 {[%clk 0:48:44]} Qd6 {[%clk
0:45:02]} 22. Rfe1 {[%clk 0:47:00]} Rxe5 {[%clk 0:44:57]} 23. Qxe5 {[%clk
0:40:41]} Qxe5 {[%clk 0:43:41]} 24. Rxe5 {[%clk 0:39:44]} Re8 {[%clk 0:42:42]}
25. Kf2 {[%clk 0:38:10]} Rxe5 {[%clk 0:36:36]} 26. Nxe5 {[%clk 0:38:38]} Ne8
{[%clk 0:36:49]} 27. Ke3 {[%clk 0:37:54]} Nd6 {[%clk 0:36:18]} 28. b3 {[%clk
0:38:09]} Kg7 {[%clk 0:36:06]} 29. a4 {[%clk 0:37:20]} Kf6 {[%clk 0:33:59]} 30.
Kf4 {[%clk 0:37:32]} Bc8 {[%clk 0:31:46]} 31. Bf3 {[%clk 0:34:29]} h6 {[%clk
0:28:41]} 32. a5 {[%clk 0:20:52]} bxa5 {[%clk 0:23:06]} 33. Nc6 {[%clk 0:18:58]}
a4 {[%clk 0:14:18]} 34. bxa4 {[%clk 0:19:14]} Bd7 {[%clk 0:14:28]} 35. a5 {[%clk
0:12:46]} 1/2-1/2

[Event "U14 Polish Youth Championship"]
[Site "chess24.com"]
[Date "2018.05.02"]
[Round "5"]
[White "Gorkiewicz, Mateusz"]
[Black "Koziorowicz, Michal"]
[Result "1-0"]
[Board "9"]
[WhiteElo "1854"]
[WhiteCountry "POL"]
[WhiteFideId "21807299"]
[WhiteEloChange "10"]
[BlackElo "1860"]
[BlackCountry "POL"]
[BlackFideId "21809194"]
[BlackEloChange "-10"]

1. e4 {[%clk 1:30:56]} c5 {[%clk 1:30:56]} 2. Nf3 {[%clk 1:31:21]} d6 {[%clk
1:31:21]} 3. d4 {[%clk 1:31:46]} cxd4 {[%clk 1:31:46]} 4. Nxd4 {[%clk 1:32:10]}
Nf6 {[%clk 1:32:12]} 5. Nc3 {[%clk 1:32:33]} g6 {[%clk 1:32:37]} 6. g3 {[%clk
1:32:57]} Bg7 {[%clk 1:33:02]} 7. Bg2 {[%clk 1:33:22]} Nc6 {[%clk 1:33:23]} 8.
Nde2 {[%clk 1:33:43]} O-O {[%clk 1:33:46]} 9. O-O {[%clk 1:34:09]} Rb8 {[%clk
1:33:53]} 10. a4 {[%clk 1:34:32]} a6 {[%clk 1:34:18]} 11. Nd5 {[%clk 1:34:54]} b5
{[%clk 1:34:39]} 12. axb5 {[%clk 1:35:20]} axb5 {[%clk 1:35:01]} 13. Bg5 {[%clk
1:35:44]} Nd7 {[%clk 1:35:26]} 14. Qc1 {[%clk 1:36:07]} Re8 {[%clk 1:35:51]} 15.
Rd1 {[%clk 1:36:31]} b4 {[%clk 1:34:17]} 16. Bh6 {[%clk 1:28:41]} Bh8 {[%clk
1:34:39]} 17. Be3 {[%clk 1:28:27]} Nde5 {[%clk 1:28:50]} 18. h3 {[%clk 1:19:45]}
Nc4 {[%clk 1:27:41]} 19. Nd4 {[%clk 1:18:03]} Bd7 {[%clk 1:15:33]} 20. Nxc6
{[%clk 1:15:25]} Bxc6 {[%clk 1:16:02]} 21. Bd4 {[%clk 1:15:45]} Bxd5 {[%clk
1:11:54]} 22. exd5 {[%clk 1:16:00]} Bxd4 {[%clk 1:12:06]} 23. Rxd4 {[%clk
1:16:23]} Qc7 {[%clk 1:12:30]} 24. Qh6 {[%clk 1:08:57]} e5 {[%clk 1:09:15]} 25.
dxe6 {[%clk 1:07:04]} fxe6 {[%clk 1:09:44]} 26. Rxc4 {[%clk 0:46:44]} Qxc4 {[%clk
1:08:48]} 27. Ra7 {[%clk 0:47:03]} Rb7 {[%clk 1:06:23]} 28. Rxb7 {[%clk 0:47:24]}
Qd4 {[%clk 1:06:48]} 29. Qxh7+ {[%clk 0:47:47]} Kf8 {[%clk 1:07:15]} 30. Rf7#
{[%clk 0:48:09]} 1-0

[Event "U14 Polish Youth Championship"]
[Site "chess24.com"]
[Date "2018.05.02"]
[Round "5"]
[White "Luczak, Filip"]
[Black "Panek, Bartosz"]
[Result "1-0"]
[Board "10"]
[WhiteElo "2126"]
[WhiteTitle "CM"]
[WhiteCountry "POL"]
[WhiteFideId "1193686"]
[WhiteEloChange "2"]
[BlackElo "1688"]
[BlackCountry "POL"]
[BlackFideId "1198220"]
[BlackEloChange "-2"]

1. Nf3 {[%clk 1:30:51]} f5 {[%clk 1:30:43]} 2. g3 {[%clk 1:30:43]} g6 {[%clk
1:31:07]} 3. Bg2 {[%clk 1:30:29]} Bg7 {[%clk 1:31:30]} 4. d4 {[%clk 1:30:15]} Nf6
{[%clk 1:31:48]} 5. O-O {[%clk 1:29:36]} O-O {[%clk 1:32:14]} 6. c4 {[%clk
1:29:56]} d6 {[%clk 1:32:37]} 7. Nc3 {[%clk 1:30:00]} Nc6 {[%clk 1:32:56]} 8. d5
{[%clk 1:27:38]} Na5 {[%clk 1:33:18]} 9. Nd2 {[%clk 1:22:42]} c5 {[%clk 1:32:24]}
10. Rb1 {[%clk 1:21:18]} e5 {[%clk 1:24:23]} 11. dxe6 {[%clk 1:18:46]} Bxe6
{[%clk 1:24:46]} 12. Nd5 {[%clk 1:18:21]} Nc6 {[%clk 1:20:53]} 13. Nf3 {[%clk
0:41:26]} Ne4 {[%clk 1:11:35]} 14. Be3 {[%clk 0:38:50]} Kh8 {[%clk 1:10:39]} 15.
Nd2 {[%clk 0:35:43]} Nf6 {[%clk 1:08:46]} 16. Bg5 {[%clk 0:32:13]} Qd7 {[%clk
1:08:20]} 17. Bxf6 {[%clk 0:27:48]} Bxf6 {[%clk 1:07:40]} 18. Nxf6 {[%clk
0:27:28]} Rxf6 {[%clk 1:07:43]} 19. Rc1 {[%clk 0:24:45]} Ne5 {[%clk 1:05:19]} 20.
b3 {[%clk 0:23:09]} Rd8 {[%clk 1:05:31]} 21. Nf3 {[%clk 0:20:09]} b6 {[%clk
1:03:16]} 22. Qc2 {[%clk 0:17:03]} Qe7 {[%clk 0:58:14]} 23. Rcd1 {[%clk 0:14:27]}
Rff8 {[%clk 0:56:33]} 24. Rd2 {[%clk 0:13:16]} Nc6 {[%clk 0:52:27]} 25. Rfd1
{[%clk 0:12:15]} Kg8 {[%clk 0:51:28]} 26. Qc3 {[%clk 0:10:30]} h6 {[%clk
0:45:56]} 27. Nh4 {[%clk 0:08:42]} Nd4 {[%clk 0:23:49]} 28. Nxg6 {[%clk 0:07:00]}
Qf6 {[%clk 0:22:05]} 29. Nf4 {[%clk 0:06:51]} Bd7 {[%clk 0:20:59]} 30. Qb2 {[%clk
0:05:54]} Bc6 {[%clk 0:20:11]} 31. Nd5 {[%clk 0:04:44]} Bxd5 {[%clk 0:18:47]} 32.
Bxd5+ {[%clk 0:05:13]} Kh7 {[%clk 0:19:11]} 33. e3 {[%clk 0:04:46]} Ne6 {[%clk
0:19:19]} 34. Qxf6 {[%clk 0:05:12]} Rxf6 {[%clk 0:19:47]} 35. Bxe6 {[%clk
0:04:22]} Rxe6 {[%clk 0:20:13]} 36. Kg2 {[%clk 0:03:38]} Kg6 {[%clk 0:20:39]} 37.
Rd5 {[%clk 0:03:47]} Kg5 {[%clk 0:19:25]} 38. Kf3 {[%clk 0:03:58]} Kf6 {[%clk
0:17:28]} 39. a3 {[%clk 0:03:45]} Rd7 {[%clk 0:17:02]} 40. b4 {[%clk 0:03:17]}
Kg6 {[%clk 0:16:35]} 41. bxc5 {[%clk 0:03:21]} bxc5 {[%clk 0:16:59]} 42. Rxc5
{[%clk 0:03:24]} dxc5 {[%clk 0:17:24]} 43. Rxd7 {[%clk 0:03:49]} Ra6 {[%clk
0:17:49]} 44. Rc7 {[%clk 0:03:59]} Rxa3 {[%clk 0:17:43]} 45. Rxc5 {[%clk
0:04:27]} a5 {[%clk 0:17:59]} 46. Rc6+ {[%clk 0:04:41]} Kg7 {[%clk 0:18:16]} 47.
Ra6 {[%clk 0:05:05]} a4 {[%clk 0:18:07]} 48. c5 {[%clk 0:05:15]} Rc3 {[%clk
0:18:30]} 49. Rxa4 {[%clk 0:05:42]} Rxc5 {[%clk 0:18:59]} 50. Ra6 {[%clk
0:06:11]} Rc4 {[%clk 0:18:40]} 51. h3 {[%clk 0:06:12]} h5 {[%clk 0:18:59]} 52. h4
{[%clk 0:06:20]} Rb4 {[%clk 0:19:05]} 53. Re6 {[%clk 0:06:39]} Rb3 {[%clk
0:19:10]} 54. Kf4 {[%clk 0:06:41]} Rb2 {[%clk 0:18:51]} 55. f3 {[%clk 0:06:48]}
Rf2 {[%clk 0:17:43]} 56. Re5 {[%clk 0:06:54]} Kg6 {[%clk 0:18:08]} 57. Rxf5
{[%clk 0:06:52]} Rxf3+ {[%clk 0:18:31]} 58. Kxf3 {[%clk 0:07:21]} Kxf5 {[%clk
0:19:00]} 59. e4+ {[%clk 0:07:50]} Ke5 {[%clk 0:19:29]} 60. Ke3 {[%clk 0:08:19]}
Ke6 {[%clk 0:19:10]} 61. Kf4 {[%clk 0:08:40]} 1-0